Riadenie ľudských zdrojov bankový manažment
Salvato in:
| Autore principale: | |
|---|---|
| Natura: | Libro |
| Lingua: | slovacco |
| Pubblicazione: |
Bratislava
EMKA, nakladateľstvo a vydavateľstvo
1996
|
| Soggetti: | |
| Tags: |
Nessun Tag, puoi essere il primo ad aggiungerne!!
|
MARC
| LEADER | 00000nam$a2200000$$$4500 | ||
|---|---|---|---|
| 001 | 0054155 | ||
| 005 | 20230718082439.5 | ||
| 020 | |a 80-8043-012-8 | ||
| 041 | 0 | |a slo | |
| 044 | |a SK | ||
| 245 | 1 | 0 | |a Riadenie ľudských zdrojov |b bankový manažment |c Carlos Marques ... [et al.] |
| 264 | 1 | |a Bratislava |b EMKA, nakladateľstvo a vydavateľstvo |c 1996 | |
| 300 | |a 229 s. | ||
| 610 | 2 | 0 | |a riadenie ľudských zdrojov |
| 610 | 2 | 0 | |a banky |
| 610 | 2 | 0 | |a bankovníctvo |
| 610 | 2 | 0 | |a manažment |
| 610 | 2 | 0 | |a manažment personálny |
| 610 | 2 | 0 | |a právo pracovné |
| 610 | 2 | 0 | |a rozvoj pracovníkov |
| 610 | 2 | 0 | |a výkony pracovné |
| 610 | 2 | 0 | |a kariéra |
| 610 | 2 | 0 | |a odmeňovanie |
| 610 | 2 | 0 | |a organizácia práce |
| 610 | 2 | 0 | |a ukazovatele |
| 610 | 2 | 0 | |a práca |
| 610 | 2 | 0 | |a audit |
| 610 | 2 | 0 | |a plánovanie |
| 610 | 2 | 0 | |a skupiny pracovné |
| 610 | 2 | 0 | |a vodcovstvo |
| 610 | 2 | 0 | |a kultúra podniková |
| 100 | 1 | |a Marques, Carlos | |